<?xml version="1.0" encoding="UTF-8"?>
<record
    xmlns:xsi="http://www.w3.org/2001/XMLSchema-instance"
    xsi:schemaLocation="http://www.loc.gov/MARC21/slim http://www.loc.gov/standards/marcxml/schema/MARC21slim.xsd"
    xmlns="http://www.loc.gov/MARC21/slim">

  <leader>01071nam a22002417a 4500</leader>
  <controlfield tag="001">77884</controlfield>
  <controlfield tag="003">BD-RjUL</controlfield>
  <controlfield tag="005">20211209083046.0</controlfield>
  <controlfield tag="008">210206s1987    ir ||||| |||| 001 0aara d</controlfield>
  <datafield tag="035" ind1=" " ind2=" ">
    <subfield code="a">(BD-RjUL)78110</subfield>
  </datafield>
  <datafield tag="040" ind1=" " ind2=" ">
    <subfield code="a">BD-RjUL</subfield>
    <subfield code="b">eng</subfield>
    <subfield code="c">BD-RjUL</subfield>
  </datafield>
  <datafield tag="041" ind1=" " ind2=" ">
    <subfield code="a">ara</subfield>
  </datafield>
  <datafield tag="082" ind1=" " ind2=" ">
    <subfield code="2">23</subfield>
    <subfield code="a">891.551092 </subfield>
    <subfield code="b">ZAA 1987</subfield>
  </datafield>
  <datafield tag="100" ind1="1" ind2=" ">
    <subfield code="a">&#x632;&#x631;&#x6CC;&#x646;&#x200C;&#x6A9;&#x648;&#x628;&#x60C; &#x639;&#x628;&#x62F; &#x627;&#x644;&#x62D;&#x633;&#x64A;&#x646;. &#x646;&#x648;&#x634;&#x62A;&#x6C0; &#x639;&#x628;&#x62F; &#x627;&#x644;&#x62D;&#x633;&#x64A;&#x646; &#x632;&#x631;&#x6CC;&#x646;&#x200C;&#x6A9;&#x648;&#x628;. ; &#x2BB;Abd al-&#x1E24;usayn Zarr&#x12B;n&#x2B9;k&#x16B;b</subfield>
    <subfield code="9">244465</subfield>
  </datafield>
  <datafield tag="245" ind1="1" ind2="0">
    <subfield code="a">&#x627;&#x632; &#x6A9;&#x648;&#x686;&#x647; &#x631;&#x646;&#x62F;&#x627;&#x646; : &#x62F;&#x631; &#x628;&#x627;&#x631;&#x647; &#x632;&#x646;&#x62F;&#x6AF;&#x649; &#x648; &#x627;&#x646;&#x62F;&#x64A;&#x634;&#x647; &#x62D;&#x627;&#x641;&#x638;  Az K&#x16B;chah-&#x2BC;i rind&#x101;n : dar b&#x101;rah-&#x2BC;i zindag&#x12B; va and&#x12B;shah-&#x2BC;i &#x1E24;&#x101;fi&#x1E93;  /</subfield>
    <subfield code="c">&#x632;&#x631;&#x6CC;&#x646;&#x200C;&#x6A9;&#x648;&#x628;&#x60C; &#x639;&#x628;&#x62F; &#x627;&#x644;&#x62D;&#x633;&#x64A;&#x646;. &#x646;&#x648;&#x634;&#x62A;&#x6C0; &#x639;&#x628;&#x62F; &#x627;&#x644;&#x62D;&#x633;&#x64A;&#x646; &#x632;&#x631;&#x6CC;&#x646;&#x200C;&#x6A9;&#x648;&#x628;. ; &#x2BB;Abd al-&#x1E24;usayn Zarr&#x12B;n&#x2B9;k&#x16B;b</subfield>
  </datafield>
  <datafield tag="260" ind1=" " ind2=" ">
    <subfield code="a">Tihr&#x101;n : </subfield>
    <subfield code="b">&#x627;&#x645;&#x6CC;&#x631; &#x6A9;&#x628;&#x6CC;&#x631;&#x60C; Am&#x12B;r Kab&#x12B;r, </subfield>
    <subfield code="c">1366 [1987]</subfield>
  </datafield>
  <datafield tag="300" ind1=" " ind2=" ">
    <subfield code="a">[15], 280 pages ;</subfield>
    <subfield code="c">24 cm</subfield>
  </datafield>
  <datafield tag="490" ind1=" " ind2=" ">
    <subfield code="a">Naqd-i and&#x12B;shah, 2 </subfield>
  </datafield>
  <datafield tag="600" ind1=" " ind2=" ">
    <subfield code="a">&#x1E24;&#x101;fi&#x1E93;, </subfield>
    <subfield code="d">active 14th century.</subfield>
    <subfield code="9">244470</subfield>
  </datafield>
  <datafield tag="650" ind1=" " ind2=" ">
    <subfield code="a">Biography</subfield>
    <subfield code="9">244467</subfield>
  </datafield>
  <datafield tag="830" ind1=" " ind2=" ">
    <subfield code="a">Naqd-i and&#x12B;shah, 2 </subfield>
    <subfield code="9">244468</subfield>
  </datafield>
  <datafield tag="942" ind1=" " ind2=" ">
    <subfield code="2">ddc</subfield>
    <subfield code="c">BK</subfield>
  </datafield>
  <datafield tag="999" ind1=" " ind2=" ">
    <subfield code="c">77884</subfield>
    <subfield code="d">77884</subfield>
  </datafield>
  <datafield tag="952" ind1=" " ind2=" ">
    <subfield code="0">0</subfield>
    <subfield code="1">0</subfield>
    <subfield code="2">ddc</subfield>
    <subfield code="4">0</subfield>
    <subfield code="7">0</subfield>
    <subfield code="8">NFIC</subfield>
    <subfield code="a">RUCL</subfield>
    <subfield code="b">RUCL</subfield>
    <subfield code="c">Stack</subfield>
    <subfield code="d">2007-07-10</subfield>
    <subfield code="e">Paragon Enterprise Lit., Dhaka</subfield>
    <subfield code="g">6.00</subfield>
    <subfield code="l">0</subfield>
    <subfield code="o">F 891.551092  ZAA 1987</subfield>
    <subfield code="r">2021-02-06 00:00:00</subfield>
    <subfield code="t">C-1</subfield>
    <subfield code="w">2021-02-06</subfield>
    <subfield code="y">BK</subfield>
  </datafield>
  <datafield tag="952" ind1=" " ind2=" ">
    <subfield code="0">0</subfield>
    <subfield code="1">0</subfield>
    <subfield code="2">ddc</subfield>
    <subfield code="4">0</subfield>
    <subfield code="7">0</subfield>
    <subfield code="8">NFIC</subfield>
    <subfield code="a">RUCL</subfield>
    <subfield code="b">RUCL</subfield>
    <subfield code="c">Stack</subfield>
    <subfield code="d">2007-07-10</subfield>
    <subfield code="e">Paragon Enterprise Lit., Dhaka</subfield>
    <subfield code="g">6.00</subfield>
    <subfield code="l">0</subfield>
    <subfield code="o">F 891.551092  ZAA 1987</subfield>
    <subfield code="r">2021-02-06 00:00:00</subfield>
    <subfield code="t">C-2</subfield>
    <subfield code="w">2021-12-09</subfield>
    <subfield code="y">BK</subfield>
  </datafield>
  <datafield tag="952" ind1=" " ind2=" ">
    <subfield code="0">0</subfield>
    <subfield code="1">0</subfield>
    <subfield code="2">ddc</subfield>
    <subfield code="4">0</subfield>
    <subfield code="7">0</subfield>
    <subfield code="8">NFIC</subfield>
    <subfield code="a">RUCL</subfield>
    <subfield code="b">RUCL</subfield>
    <subfield code="c">Stack</subfield>
    <subfield code="d">2007-07-10</subfield>
    <subfield code="e">Paragon Enterprise Lit., Dhaka</subfield>
    <subfield code="g">6.00</subfield>
    <subfield code="l">0</subfield>
    <subfield code="o">F 891.551092  ZAA 1987</subfield>
    <subfield code="r">2021-02-06 00:00:00</subfield>
    <subfield code="t">C-3</subfield>
    <subfield code="w">2021-12-09</subfield>
    <subfield code="y">BK</subfield>
  </datafield>
</record>
